000 00560nam a22001937a 4500
003 BUBTL
008 170110b xxu||||| |||| 00| 0 eng d
020 _a81-204-1405-5
082 _a677.02832AKF
100 _91026
_aNakamura, Akira
245 _aFiber Science and Technology
260 _aNew Delhi
_bAllied Books & Publishing Limited
_cc2005
300 _a[xv],267p.
_bills.
_c21cm.
650 0 _91028
_aTextile Engineering
700 _91027
_aNakamura, Akira
856 _k0
_l0
_yDownload
942 _2ddc
_cBK
999 _c5416
_d5416